00700nam a2200217Ia 450000500170000000800410001702000130005804000190007104100120009008200160010210000230011824500320014126000380017330000100021165000210022185000100024294200070025299900170025995201030027695201030037920240902113544.0131103s9999 xx 000 0 und d cRs.30.00 aLoreto College aEnglish a891.43bYAD aYadav, Ram Narayan aHindi sudhab For class VI  aNorth 24 ParganusbR.K. Prakashan a70p.  aHindi Literature aLCBED cBK c38161d88640 00102ddc4070aMAINbMAINd2013-11-04l0o891.43 YAD 14841pB41525r2013-11-04w2013-11-04yBKf 00102ddc4070aMAINbMAINd2013-11-04l0o891.43 YAD 14842pB41527r2013-11-04w2013-11-04yBKf